Spolehlivost, disponibilita a udržovatelnost dopravních systémů

Bibliographic Details
Main Author: Matoušek, Michal (Author)
Format: Article
Language:Slovak
Czech
PhysicalDescription:Sch., tab.
ISSN:1336-0019
Subjects:

MARC

LEADER 00000nab a2200000 a 4500
001 vtls000856353
003 SK-MaSNL
005 20260304112505.0
008 250429c2003 xo 0 slo
015 |a SNBRB2003/12-36349 
035 |a CLN000208008 
035 |a urn:nbn:sk:snk-ab94ec 
035 |a (urnnbn)urn:nbn:sk:snk:ar-0025ro 
035 |a (uuid)0c46505f-0677-4ff5-bf16-959aba462319 
040 |a SNKBUCL  |b slo  |c SNKBUCL  |e AACR2 
041 0 |a cze 
044 |a xo  |c SK 
080 |a 656  |2 1997 
100 1 |a Matoušek, Michal  |4 aut  |9 1407625 
245 1 0 |a Spolehlivost, disponibilita a udržovatelnost dopravních systémů  |c Michal Matoušek 
300 |b Sch., tab. 
504 |a Res. angl. 
504 |a Bibliogr. odkazy 
650 0 7 |a doprava  |x systémy dopravné  |x spoľahlivosť  |x disponibilita  |x udržovateľnosť  |x bezpečnosť  |2 snkbucl  |9 1414383 
655 7 |a články z novín a časopisov  |2 snkbucl  |9 267496 
773 0 |t Krízový manažment  |g Roč. 2, č. 2 (2003), s. 27-33  |x 1336-0019 
850 |a Slovenská národná knižnica 
852 |a Slovenská národná knižnica 
954 |a odborná, vedecká literatúra cudzojazyčná (svetová)  |2 lita 
958 |a article13 
958 |a OND 
958 |a NB 
958 |a EUIPO 
992 |a RBX 
999 |c 2866007  |d 2867937